<?xml version="1.0" encoding="UTF-8"?>
<record
    xmlns:xsi="http://www.w3.org/2001/XMLSchema-instance"
    xsi:schemaLocation="http://www.loc.gov/MARC21/slim http://www.loc.gov/standards/marcxml/schema/MARC21slim.xsd"
    xmlns="http://www.loc.gov/MARC21/slim">

  <leader>00478nam a2200169   4500</leader>
  <controlfield tag="003">SEACOMMC</controlfield>
  <controlfield tag="005">20231109063530.0</controlfield>
  <controlfield tag="008">231109b        |||||||| |||| 00| 0 eng d</controlfield>
  <datafield tag="020" ind1=" " ind2=" ">
    <subfield code="c">Rs. 395.00</subfield>
  </datafield>
  <datafield tag="040" ind1=" " ind2=" ">
    <subfield code="a">SEACOMMC</subfield>
  </datafield>
  <datafield tag="082" ind1=" " ind2=" ">
    <subfield code="a">621.384</subfield>
    <subfield code="b">OLE</subfield>
  </datafield>
  <datafield tag="100" ind1="1" ind2=" ">
    <subfield code="a">Olexa, Ron</subfield>
  </datafield>
  <datafield tag="245" ind1="1" ind2=" ">
    <subfield code="a">Implementing 802.11,802.16 and 802.20 wireless networks</subfield>
    <subfield code="b">planning, troubleshooting and operations</subfield>
    <subfield code="c">Ron Olexa</subfield>
  </datafield>
  <datafield tag="260" ind1=" " ind2=" ">
    <subfield code="a">New Delhi</subfield>
    <subfield code="b">Elsevier</subfield>
    <subfield code="c">2005</subfield>
  </datafield>
  <datafield tag="650" ind1=" " ind2=" ">
    <subfield code="a">Engineering</subfield>
  </datafield>
  <datafield tag="942" ind1=" " ind2=" ">
    <subfield code="c">BOOK</subfield>
  </datafield>
  <datafield tag="952" ind1=" " ind2=" ">
    <subfield code="0">0</subfield>
    <subfield code="1">0</subfield>
    <subfield code="2">ddc</subfield>
    <subfield code="4">0</subfield>
    <subfield code="7">0</subfield>
    <subfield code="a">SEACOMMC</subfield>
    <subfield code="b">SEACOMMC</subfield>
    <subfield code="d">2006-09-19</subfield>
    <subfield code="l">0</subfield>
    <subfield code="o">621.384 OLE</subfield>
    <subfield code="p">05502</subfield>
    <subfield code="r">2023-11-09 06:35:56</subfield>
    <subfield code="w">2023-11-09</subfield>
    <subfield code="y">BOOK</subfield>
  </datafield>
  <datafield tag="999" ind1=" " ind2=" ">
    <subfield code="c">310</subfield>
    <subfield code="d">310</subfield>
  </datafield>
</record>
